Name a valid country - Statistics

General Stats
  • This quiz has been taken 93 times
  • The average score is 17 of 20
Answer Stats
Name a country # Country % Correct
That borders Poland 7 Belarus / Czech Republic / Germany / Lithuania / Russia / Slovakia / Ukraine
100%
That hosted the World Cup and is not European 9 Argentina / Brazil / Chile / Japan / Mexico / South Africa / South Korea / United States / Uruguay
98%
That has a "Union Jack" on his flag (excluding the UK) 4 Australia / Fiji / New Zealand / Tuvalu
98%
In Europe that border the Atlantic Ocean 11 Belgium / Denmark / France / Germany / Iceland / Ireland / Netherlands / Norway / Portugal / Spain / United Kingdom
98%
That is communist 5 China / Cuba / Laos / North Korea / Vietnam
98%
That ends in -stan 7 Afghanistan / Kazakhstan / Kyrgyzstan / Pakistan / Tajikistan / Turkmenistan / Uzbekistan
96%
That starts with the letter T 11 Tajikistan / Tanzania / Thailand / Timor-Leste / Togo / Tonga / Trinidad and Tobago / Tunisia / Turkey / Turkmenistan / Tuvalu
96%
That is in NATO but isn't located in Europe 3 Canada / Turkey / United States
95%
That was a part of the Third Reich before WW2 5 Austria / Czech Republic / Germany / Lithuania / Poland
93%
That was a part of the Inca Empire 6 Argentina / Bolivia / Chile / Colombia / Ecuador / Peru
92%
With an Polar Bears (including overseas territories) 5 Canada / Denmark / Norway / Russia / United States
92%
Where chinese is an official language and it's not China 2 Singapore / Taiwan
92%
That is an island country with more than 100 million people 3 Indonesia / Japan / Philippines
88%
Whose capital lies on the Danube river 4 Austria / Hungary / Serbia / Slovakia
83%
That borders the Red Sea and is not in the Middle East 4 Djibouti / Egypt / Eritrea / Sudan
81%
With an area between 1 million and 2 million 17 Angola / Bolivia / Chad / Colombia / Egypt / Ethiopia / Indonesia / Iran / Libya / Mali / Mauritania / Mexico / Mongolia / Niger / Peru / South Africa / Sudan
69%
That declared independence from Belgium 3 Burundi / Democratic Republic of the Congo / Rwanda
69%
That uses Real as his currency 1 Brazil
52%
That have an dispute on Spratly Islands 6 Brunei / China / Malaysia / Philipines / Taiwan / Vietnam
51%
That is an Uralic country 3 Estonia / Finland / Hungary
41%
No matching quizzes found
Score Distribution
Percent of People with Each Score
Percentile by Number Answered
Your Score History
You have not taken this quiz